EU4 - Provinces of France - Statistics

General Stats
  • This quiz has been taken 45 times
  • The average score is 23 of 66
Answers on the Map
Answers color-coded by a green-red scale on the quiz's map according to % correct below.
 
Answer Stats
Province % Correct
Paris
97%
Bordeaux
80%
Calais
74%
Toulouse
69%
Anjou
66%
Avignon
63%
Caen
60%
Foix
60%
Maine
57%
Aix
54%
Picardie
54%
Alençon
51%
Metz
51%
Montpellier
51%
Finistère
49%
Orleanais
49%
Lyonnais
46%
Toulon
46%
Auvergne
43%
Caux
43%
Chartres
43%
Dijonnais
43%
Berry
40%
Labourd
40%
Reims
40%
Verdun
40%
Armagnac
37%
Bourbonnais
37%
Narbonne
37%
Carcassonne
34%
Dauphiné
34%
Franche-Comté
34%
Nantais
34%
Cotentin
31%
Rethel
31%
Troyes
31%
Barrois
29%
Chambery
29%
Nivernais
29%
Touraine
29%
Artois
26%
Béarn
26%
Blois
26%
Valois
26%
Armor
23%
Bas-Poitou
23%
Limousin
23%
Nemours
23%
Rennais
23%
Saintonge
23%
Bresse
20%
Haut-Poitou
20%
Auxerrois
17%
Cambray
17%
Forez
17%
Charolais
14%
La Marche
11%
Périgord
11%
Vannetais
11%
Angoumois
9%
Forcalquier
9%
Lothringen
9%
Salins
9%
Quercy
6%
Vivarais
6%
Rouergue
3%
No matching quizzes found
Score Distribution
Percent of People with Each Score
Percentile by Number Answered
Your Score History
You have not taken this quiz